Jövő évi tervekre készülnek
Elmentve itt :
| Dokumentumtípus: | Cikk |
|---|---|
| Megjelent: |
1964-07-28
|
| Sorozat: | Délmagyarország
54 No. 175 |
| Kulcsszavak: | Szabó Sándor, Ipar fejlesztése gépesítés Szeged 1965, Tervgazdálkodás Szeged 1964, ruhaipar |
| Online Access: | http://dmarchiv.bibl.u-szeged.hu/67210 |
| LEADER | 00487nab a2200145 i 4500 | ||
|---|---|---|---|
| 001 | delm67210 | ||
| 005 | 20180927153743.0 | ||
| 008 | 180927s1964 hu o 0|| hun d | ||
| 040 | |a SZTE Délmagyarország Archívum |b hun | ||
| 041 | |a hun | ||
| 245 | 0 | 0 | |a Jövő évi tervekre készülnek |h [elektronikus dokumentum] |
| 260 | |c 1964-07-28 | ||
| 300 | |a 4 | ||
| 490 | 0 | |a Délmagyarország |v 54 No. 175 | |
| 695 | |a Szabó Sándor, Ipar fejlesztése gépesítés Szeged 1965, Tervgazdálkodás Szeged 1964, ruhaipar | ||